Pociągi w Polsce nazwane po szczytach, wzgórzach i pasmach górkisch - Statystyki

Ogólne statystyki
  • Ten quiz został rozwiązany 68 razy
  • Średni wynik to 6 z 12
Statystyki odpowiedzi
Rodzaj pociągu Nazwa pociągu % Poprawnych
EIC Tatry
94%
TLK Karpaty
69%
IC Sudety
69%
IC Karkonosze
68%
IC Śnieżka
68%
IC Bieszczady
55%
IC Beskidy
53%
EIC Ślęża
27%
IC Łysica
24%
IC Szczeliniec
24%
IC Osterwa
5%
IC Rowokół
3%
Nie znaleziono quizów pasujących do podanych kryteriów
Rozkład punktacji
Procent ludzi z każdym wynikiem
Percentyl według liczby udzielonych odpowiedzi
Twoja historia wyników
Nie rozwiązałeś tego quizu